<The> political economy of biodiversity policy reform

Gespeichert in:
Bibliographische Detailangaben
Format: Buch
Sprache:Englisch
Veröffentlicht: Paris OECD 2017
Schlagworte:
Tags: Tag hinzufügen
Keine Tags, Fügen Sie das erste Tag hinzu!

MARC

LEADER 00000nam a2200000 4500
001 0234162
005 20240314123417.6
020 |a 978-92-64-26952-1 
041 0 |a eng 
044 |a FR 
245 1 0 |a <The> political economy of biodiversity policy reform 
264 1 |a Paris  |b OECD  |c 2017 
300 |a 113 s. 
610 2 0 |a diverzita biologická 
610 2 0 |a politika environmentálna 
610 2 0 |a dane 
610 2 0 |a Švajčiarsko 
610 2 0 |a rybolov 
610 2 0 |a priemysel rybný 
610 2 0 |a Afrika 
610 2 0 |a Island